Kushvanthsing Jokes (Record no. 205538)

MARC details
000 -LEADER
fixed length control field 00421nam a2200181Ia 4500
008 - FIXED-LENGTH DATA ELEMENTS--GENERAL INFORMATION
fixed length control field 240823s9999||||xx |||||||||||||| ||und||
082 ## - DEWEY DECIMAL CLASSIFICATION NUMBER
-- 828.91402 N4
100 ## - MAIN ENTRY--PERSONAL NAME
Personal name Sankaran S
245 #0 - TITLE STATEMENT
Title Kushvanthsing Jokes
250 ## - EDITION STATEMENT
Edition statement 5th
260 ## - PUBLICATION, DISTRIBUTION, ETC. (IMPRINT)
Date of publication, distribution, etc 1994
Name of publisher, distributor, etc "Kannadhasan Pathippagam,Ch"
500 ## - GENERAL NOTE
General note TRANSFERED
650 ## - SUBJECT ADDED ENTRY--TOPICAL TERM
Topical term or geographic name as entry element Jokes
942 ## - ADDED ENTRY ELEMENTS (KOHA)
Item type Books
Holdings
Withdrawn status Lost status Damaged status Permanent location Current location Shelving location Date acquired Cost, normal purchase price Full call number Barcode Date last seen Koha item type
      CENTRAL LIBRARY, NOORUL ISLAM CENTRE FOR HIGHER EDUCATION CENTRAL LIBRARY, NOORUL ISLAM CENTRE FOR HIGHER EDUCATION   02/05/2014 20.00 828.91402 N4 56245 08/23/2024 Books
Visitors:
Copyright © 2024 Central Library NICHE.  All rights reserved.